Common Professions in Romance Novels Quiz Stats

 Plays Quiz Updated Oct 19, 2016

Challenge
Share
Tweet
Embed
Score 0/10 Timer 05:00
0 Plays Today
Rank Occupation % Correct
1.Doctor
96.9%
7.Surgeon
96.9%
10.Sheriff
85.9%
5. Rancher
83.8%
8.King
74.2%
6.Knight
66.6%
2. Cowboy
48.2%
4.Prince
41.9%
3.Boss
39.8%
9.Bodyguard
14.2%

You're not logged in!

Compare scores with friends on all Sporcle quizzes.
Join for Free
OR
Log In

You Might Also Like...

Show Comments

Extras

Top Quizzes Today


Score Distribution

Your Account Isn't Verified!

In order to create a playlist on Sporcle, you need to verify the email address you used during registration. Go to your Sporcle Settings to finish the process.

Report this User

Report this user for behavior that violates our Community Guidelines.

Details: